Overenie kurzovej politiky v rámci Marshall-Lernerovej podmienky pre Slovenskú republiku

Salvato in:
Dettagli Bibliografici
Autore principale: Chocholatá, Michaela, 1977-
Natura: Capitolo di libro
Lingua:slovacco
Tags: Aggiungi Tag
Nessun Tag, puoi essere il primo ad aggiungerne!!

MARC

LEADER 00000nla$a2200000$$$4500
001 0065497
005 20240502083157.8
041 0 |a slo 
044 |a CZ 
245 1 0 |a Overenie kurzovej politiky v rámci Marshall-Lernerovej podmienky pre Slovenskú republiku  |c Michaela Chocholatá 
100 1 |a Chocholatá, Michaela, 1977-